000 00925nam a2200265 i 4500
001 bg
100 1 _aOstaszewski, Janusz
_d(1956- ).
245 0 _aFinanse spółki akcyjnej /
_cJanusz Ostaszewski, Tomasz Cicirko.
250 _aWyd. 2.
260 _aWarszawa :
_bCentrum Doradztwa i Informacji Difin,
_c2006.
300 _a328 s. :
_bwykr. ;
_c24 cm.
504 _aBibliogr., wykaz aktów prawnych.
650 9 _aSpółki akcyjne
_xfinanse
_xprawo
_zPolska
_ystan na 2006 r
650 9 _aWartość ekonomiczna
_xbadanie
_xmetody
655 _aPodręczniki akademickie
700 1 _aCicirko, Tomasz.
020 _a837251688X
040 _cBPK
041 0 _apol
080 _a658.114.4:347.725:336:347.45/.46](438)(075.8)
920 _a83-7251-688-X
942 _cKS
008 s pl f |000 0 pol
999 _c52868
_d52868
856 _uhttp://koha.tu.koszalin.pl/cgi-bin/koha/opac-detail.pl?biblionumber=52868
_yKatalog online BPK